000 00576nam a2200229Ia 4500
003 OSt
005 20220918174333.0
006 a|||||r|||| 00| 0
007 ta
008 220917b |||||||| |||| 00| 0 eng d
024 _a11,635
037 _cTextual
040 _aARTS
_cARTS
_beng
041 _2eng
_aeng
082 _a/\:36, J5
100 _aReiker Hans Ulrich
_950017
245 0 _aSecret of Meditation tr by A J Pomerans
260 _c1955
650 _aSPIRITUALISM
942 _h/\:36, J5
_cTEXL
_2CC
999 _c152723
_d152723